Dohodnutie mzdy s prihliadnutím na nočnú prácu
Zmeny v oblasti ochrany minimálnych mzdových nárokov zamestnancov pri práci v noci s účinnosťou od 1. júla 1999. Dopad zmien par. 7 zákona o mzde. Možnosť dohodnúť mzdu vrátane mzdového zvýhodnenia. Podmienky pre zahrnutie zvýhodnenia do mzdy. Uplatnenie kolektívneho vyjednávania. Zmeny navrhované d...
Salvato in:
| Autore principale: | |
|---|---|
| Natura: | Capitolo di libro |
| Lingua: | slovacco |
| Soggetti: | |
| Tags: |
Nessun Tag, puoi essere il primo ad aggiungerne!!
|
MARC
| LEADER | 00000naa a2200000 4500 | ||
|---|---|---|---|
| 001 | r036444 | ||
| 005 | 20230926081603.1 | ||
| 041 | 0 | |a slo | |
| 044 | |a SK | ||
| 245 | 1 | 0 | |a Dohodnutie mzdy s prihliadnutím na nočnú prácu |c Miroslav Mačuha |
| 520 | |a Zmeny v oblasti ochrany minimálnych mzdových nárokov zamestnancov pri práci v noci s účinnosťou od 1. júla 1999. Dopad zmien par. 7 zákona o mzde. Možnosť dohodnúť mzdu vrátane mzdového zvýhodnenia. Podmienky pre zahrnutie zvýhodnenia do mzdy. Uplatnenie kolektívneho vyjednávania. Zmeny navrhované do nového zákonníka práce. | ||
| 610 | 2 | 0 | |a mzdy |
| 610 | 2 | 0 | |a zákony |
| 610 | 2 | 0 | |a novelizácia |
| 610 | 2 | 0 | |a 1999 |
| 610 | 2 | 0 | |a práca nočná |
| 610 | 2 | 0 | |a zvýhodnenie mzdové |
| 610 | 2 | 0 | |a vyjednávanie kolektívne |
| 610 | 2 | 0 | |a zamestnanci |
| 100 | 1 | |a Mačuha, Miroslav | |